000 00347nam a2200157Ia 4500
003 0STCL
008 150530s9999 xx 000 0 und d
040 _aSTCL
_cSTCL
100 _aKnox Joseph
245 _aPhysico chemical calculations
260 _c1952
546 _aEnglish
942 _2ddc
_cBK
999 _c32226
_d32226
005 20220125170239.0